|
|
|
|
| LEADER |
00000ny a22000003n 4500 |
| 003 |
MiAaPQ |
| 005 |
20070226101217.0 |
| 006 |
m d |
| 007 |
cr anu |
| 008 |
800214c19549999mauq p s 0 0 eng d |
| 010 |
|
|
|a 30008718 //r90
|z sc 80001376
|
| 022 |
0 |
|
|a 0007-6805
|
| 035 |
|
|
|a 3492
|
| 040 |
|
|
|a N
|c N
|d vLex
|
| 050 |
0 |
0 |
|a HF5001
|b .B8262
|
| 050 |
0 |
0 |
|a HF5001
|b .B8262
|
| 082 |
1 |
0 |
|a 330
|2 11
|
| 090 |
|
|
|c 2022
|d 2022
|
| 245 |
0 |
0 |
|a Business history review
|h [Recurso electrn̤ico]
|
| 256 |
|
|
|a Servicio en ln̕ea
|
| 260 |
|
|
|a Boston :
|b Harvard Graduate School of Business Administration,
|
| 310 |
|
|
|a Quarterly
|
| 506 |
1 |
|
|a Contenido solo disponible en los productos indicados
|d vLex Global
|d vLex Global (Academic Edition, excluding Law Schools)
|d vLex Global (U.S. Academic Edition, excluding Law Schools)
|
| 525 |
|
|
|a Supplements accompany some numbers
|
| 650 |
0 |
4 |
|a Negocios
|x Historia
|x Publicaciones perid̤icas
|
| 650 |
0 |
4 |
|a Negocios
|x Publicaciones perid̤icas
|
| 710 |
2 |
|
|a Harvard University.
|b Graduate School of Business Administration
|
| 740 |
|
|
|a vLex Revista (Servicios en ln̕ea)
|
| 780 |
0 |
0 |
|t Bulletin of the Business Historical Society
|x 1065-9048
|
| 843 |
|
|
|a Electrn̤ica. Abierta
|
| 853 |
|
|
|8 1
|i (year)
|j (month)
|k (day)
|
| 856 |
4 |
0 |
|z Acceso restringido
|u http://vlex.com/source/business-history-review-3492
|
| 942 |
|
|
|c REV
|
| 999 |
|
0 |
|a Business
|
| 999 |
|
0 |
|a Business
|